[Event "Hold-DM i hurtigskak 2026"]
[Site "Middelfart"]
[Date "2026.05.24"]
[Round "1.1"]
[White "Bogo, Soren"]
[Black "Nicolajsen, Thea"]
[Result "1-0"]
[WhiteElo "2229"]
[BlackElo "2029"]
[EventDate "2026.05.24"]
[EventType "team-tourn"]
[EventRounds "6"]
[EventCountry "DEN"]
[SourceTitle "Live v. Kasper Jerwiarz"]
[WhiteTeam "Fureso"]
[BlackTeam "Silkeborg Skakklub"]

1. d4 d6 2. Nf3 Nf6 3. c4 Nbd7 4. Nc3 e5 5. Bg5 Be7 6. e3 c6 7. Qc2 Qc7 8. Bd3 h6 9. Bh4 a5 10. O-O-O Nf8 11. h3 Ne6 12. Bg3 Nd7 13. h4 O-O 14. Bh2 a4 15. g4 f6 16. Bh7+ Kh8 17. Bf5 Nb6 18. Ne4 Nxc4 19. Qxc4 d5 20. Qc2 dxe4 21. Bxe4 Bd6 22. dxe5 Bxe5 23. Nxe5 fxe5 24. g5 Ra5 25. Kb1 a3 26. b3 Rc5 27. Qe2 Qf7 28. f3 Nc7 29. gxh6 gxh6 30. Rd6 Be6 31. Rg1 Nb5 32. Rd3 Nc3+ 33. Rxc3 Rxc3 34. Bxe5+ 1-0

[Event "Hold-DM i hurtigskak 2026"]
[Site "Middelfart"]
[Date "2026.05.24"]
[Round "1.2"]
[White "Poulsen, Albert Damgaard"]
[Black "Thorsbro, Peter"]
[Result "0-1"]
[WhiteElo "2006"]
[BlackElo "2180"]
[EventDate "2026.05.24"]
[EventType "team-tourn"]
[EventRounds "6"]
[EventCountry "DEN"]
[SourceTitle "Live v. Kasper Jerwiarz"]
[WhiteTeam "Silkeborg Skakklub"]
[BlackTeam "Fureso"]

1. c4 e6 2. Nc3 d5 3. d4 Nf6 4. Bf4 Bd6 5. Bg3 O-O 6. Nf3 Qe7 7. e3 b6 8. cxd5 exd5 9. Bd3 Bb7 10. Rc1 Nbd7 11. Bxd6 Qxd6 12. O-O a6 13. a3 Rfe8 14. b4 Ne4 15. Bxe4 dxe4 16. Nd2 c5 17. bxc5 bxc5 18. Ne2 cxd4 19. Nxd4 Ne5 20. Nc4 Nxc4 21. Rxc4 Bd5 22. Rc3 Re5 23. Qc2 Rf8 24. Ne2 f5 25. Rd1 g5 26. Rc5 Qe6 27. Qc3 f4 28. Qd4 Rff5 29. Nc3 Bb3 30. Rxe5 Rxe5 31. Qd8+ Qe8 32. Qxe8+ Rxe8 33. Rd6 Rc8 34. Ne2 f3 35. gxf3 exf3 36. Ng3 Rc1+ 37. Nf1 Bc4 38. h4 g4 39. Kh2 Rxf1 40. Kg3 h5 41. Rh6 Bf7 42. Rxa6 Rg1+ 43. Kf4 Rg2 44. Kg5 Kg7 45. e4 Rxf2 46. e5 Re2 47. Ra5 f2 0-1

[Event "Hold-DM i hurtigskak 2026"]
[Site "Middelfart"]
[Date "2026.05.24"]
[Round "1.3"]
[White "Damm, Kasper Wilken"]
[Black "Poulsen, Peter Risgaard"]
[Result "1-0"]
[WhiteElo "2157"]
[BlackElo "1948"]
[EventDate "2026.05.24"]
[EventType "team-tourn"]
[EventRounds "6"]
[EventCountry "DEN"]
[SourceTitle "Live v. Kasper Jerwiarz"]
[WhiteTeam "Fureso"]
[BlackTeam "Silkeborg Skakklub"]

1. e4 e6 2. d4 d5 3. Nd2 Nf6 4. e5 Nfd7 5. c3 c5 6. Bd3 Nc6 7. Ne2 cxd4 8. cxd4 f6 9. exf6 Nxf6 10. O-O Bd6 11. Nf3 Qc7 12. Bg5 O-O 13. Nc3 a6 14. Rc1 Ng4 15. h3 Nf6 16. Bb1 Qf7 17. a3 Bd7 18. Re1 Rae8 19. Qd2 Qh5 20. Ne5 Bxe5 21. dxe5 h6 22. exf6 hxg5 23. fxg7 Kxg7 24. Ne4 g4 25. hxg4 Qxg4 26. Rc3 Qh4 27. Rg3+ Kf7 28. Ng5+ Ke7 29. Qxd5 Qf4 30. Rf3 Qd4 31. Qxd4 Nxd4 32. Rxf8 Kxf8 33. f4 Kg7 34. Kf2 Nc6 35. Nf3 Rf8 36. g3 e5 37. Nxe5 Nxe5 38. Rxe5 Rh8 39. Re7+ Kf6 40. Rxd7 Rh2+ 41. Kf3 Rxb2 42. Bd3 Rb3 43. a4 b5 44. axb5 axb5 45. Ke4 Rb2 46. g4 1-0

[Event "Hold-DM i hurtigskak 2026"]
[Site "Middelfart"]
[Date "2026.05.24"]
[Round "1.4"]
[White "Petersen, Frank Gjerning"]
[Black "Jensen, Christian Skov"]
[Result "0-1"]
[WhiteElo "1928"]
[BlackElo "1925"]
[EventDate "2026.05.24"]
[EventType "team-tourn"]
[EventRounds "6"]
[EventCountry "DEN"]
[SourceTitle "Live v. Kasper Jerwiarz"]
[WhiteTeam "Silkeborg Skakklub"]
[BlackTeam "Fureso"]

1. d4 c6 2. e4 d6 3. Nf3 Qc7 4. Nc3 Bg4 5. Be2 e5 6. Be3 Nf6 7. h3 Bh5 8. Qd2 Be7 9. O-O-O Nbd7 10. g4 Bg6 11. Bd3 a5 12. Nh4 a4 13. Nf5 Bxf5 14. gxf5 a3 15. b3 O-O 16. f4 Kh8 17. Rdg1 Nh5 18. Rg4 exf4 19. Bxf4 Nxf4 20. Qxf4 Bf6 21. Ne2 c5 22. Qf2 cxd4 23. Nf4 Ne5 24. Rg3 Bh4 25. Rhg1 Qc3 26. Qe2 Bxg3 27. Rxg3 Rac8 28. Nd5 Nxd3+ 29. Rxd3 Qb2+ 0-1

[Event "Hold-DM i hurtigskak 2026"]
[Site "Middelfart"]
[Date "2026.05.24"]
[Round "1.1"]
[White "Haarh, Simon Bjork"]
[Black "Lauritsen, Martin Lee"]
[Result "0-1"]
[WhiteElo "2056"]
[BlackElo "2135"]
[EventDate "2026.05.24"]
[EventType "team-tourn"]
[EventRounds "6"]
[EventCountry "DEN"]
[SourceTitle "Live v. Kasper Jerwiarz"]
[WhiteTeam "Laeseforeningen"]
[BlackTeam "Taastrup Skakforening"]

1. e4 c5 2. Nf3 Nc6 3. d4 cxd4 4. Nxd4 e5 5. Nb5 d6 6. c4 Be7 7. Be3 Nf6 8. N1c3 a6 9. Na3 Ng4 10. Bd2 Qb6 11. Qf3 Nd4 12. Qg3 Qxb2 13. Rb1 Qxa3 14. Bd3 h5 15. h4 O-O 16. f3 Nf6 17. O-O Kh8 18. Qg5 Ne6 19. Qg3 Qc5+ 20. Rf2 Bd8 21. Rf1 Qd4 22. Bb1 Qxc4 23. Kh1 b5 24. Nd5 Bb7 25. Nxf6 Bxf6 26. f4 exf4 27. Bxf4 Nxf4 28. Qxf4 Be5 29. Qg5 g6 30. Bc2 Qxa2 31. Bd1 Qe6 32. Bxh5 gxh5 33. Rf6 Bxf6 34. Rxf6 Bxe4 35. Qh6+ Bh7 36. Rxe6 fxe6 37. Qxe6 Rad8 38. Qd5 Bf5 39. Qd4+ Kh7 40. Qa7+ Rd7 41. Qxa6 d5 42. Qxb5 d4 43. Qb4 Rff7 44. Qd2 d3 45. Kh2 Bg6 46. g4 hxg4 47. Kg3 Rd4 48. Qc3 Rf3+ 49. Kg2 Rd7 50. Qc6 Bf5 51. Qc1 d2 52. Qd1 Be4 53. Kg1 Kh6 54. Kh2 Rh3+ 0-1

[Event "Hold-DM i hurtigskak 2026"]
[Site "Middelfart"]
[Date "2026.05.24"]
[Round "1.2"]
[White "Petkov, Preslav "]
[Black "Sandmann, Villads Majvang"]
[Result "1-0"]
[WhiteElo "2064"]
[BlackElo "2184"]
[EventDate "2026.05.24"]
[EventType "team-tourn"]
[EventRounds "6"]
[EventCountry "DEN"]
[SourceTitle "Live v. Kasper Jerwiarz"]
[WhiteTeam "Taastrup Skakforening"]
[BlackTeam "Laeseforeningen"]

1. e4 c5 2. Nc3 d6 3. g3 g6 4. Bg2 Bg7 5. d3 Nc6 6. Be3 Rb8 7. Qd2 b5 8. Nge2 b4 9. Nd1 e6 10. c3 Nge7 11. Bh6 Bxh6 12. Qxh6 Ba6 13. Qd2 O-O 14. O-O d5 15. exd5 exd5 16. f4 Qd7 17. h3 bxc3 18. bxc3 Rb6 19. g4 Rfb8 20. f5 Ne5 21. f6 Kh8 22. Qh6 Rg8 23. fxe7 g5 24. Rf6 Qxe7 25. Rxb6 axb6 26. Ng3 Rg6 27. Nf5 Nf3+ 28. Bxf3 Qe1+ 29. Kg2 Rxh6 30. Nxh6 Bxd3 31. Nxf7+ Kg7 32. Nxg5 Qd2+ 33. Nf2 Qxg5 34. Nxd3 Qd2+ 35. Nf2 Qxc3 36. Rb1 d4 37. Rxb6 c4 38. Rb7+ Kf8 39. a4 Qa5 40. Rb8+ Ke7 41. Ra8 Qc7 42. a5 c3 43. Nd3 c2 44. a6 c1=Q 45. Nxc1 Qxc1 46. a7 Qd2+ 47. Kh1 Qc1+ 48. Kh2 Qc7+ 49. Kg2 Qc2+ 50. Kg3 Kf7 51. Rf8+ Kxf8 52. a8=Q+ Kg7 53. Qb7+ Kf8 54. Qe4 Qc7+ 55. Qf4+ 1-0

[Event "Hold-DM i hurtigskak 2026"]
[Site "Middelfart"]
[Date "2026.05.24"]
[Round "1.3"]
[White "Frydendahl, Noah Skotte"]
[Black "Kirkebaekke, Mark"]
[Result "1-0"]
[WhiteElo "1987"]
[BlackElo "1903"]
[EventDate "2026.05.24"]
[EventType "team-tourn"]
[EventRounds "6"]
[EventCountry "DEN"]
[SourceTitle "Live v. Kasper Jerwiarz"]
[WhiteTeam "Laeseforeningen"]
[BlackTeam "Taastrup Skakforening"]

1. e4 e5 2. Nf3 Nc6 3. Bb5 a6 4. Ba4 Nf6 5. O-O b5 6. Bb3 Be7 7. Re1 O-O 8. c3 d6 9. h3 Na5 10. Bc2 c5 11. d4 Nc6 12. a4 Bb7 13. d5 Nb8 14. b4 Nbd7 15. Be3 Qc7 16. Na3 bxa4 17. Qd3 cxb4 18. cxb4 a5 19. Nb5 Qd8 20. Rxa4 axb4 21. Rxb4 Ba6 22. Qd2 Qa5 23. Na7 Nb8 24. Bb6 Qa2 25. Ra4 Qb2 26. Rb1 Nxe4 27. Rxb2 Nxd2 28. Nxd2 Bb7 29. Bb3 Nd7 30. Be3 f5 31. f3 Bf6 32. Rc2 h6 33. Rc7 1-0

[Event "Hold-DM i hurtigskak 2026"]
[Site "Middelfart"]
[Date "2026.05.24"]
[Round "1.4"]
[White "Loveid, Erik"]
[Black "Bjerg, Ludvig"]
[Result "1-0"]
[WhiteElo "1951"]
[BlackElo "1949"]
[EventDate "2026.05.24"]
[EventType "team-tourn"]
[EventRounds "6"]
[EventCountry "DEN"]
[SourceTitle "Live v. Kasper Jerwiarz"]
[WhiteTeam "Taastrup Skakforening"]
[BlackTeam "Laeseforeningen"]

1. d4 d5 2. c4 c6 3. Nf3 Nf6 4. g3 e6 5. Bg2 Nbd7 6. O-O Be7 7. b3 O-O 8. Bb2 b6 9. Nfd2 Bb7 10. Nc3 Rc8 11. Rc1 c5 12. e3 Nb8 13. Re1 Qd7 14. cxd5 Nxd5 15. Nxd5 Bxd5 16. e4 Bb7 17. Nc4 Bf6 18. dxc5 Qxd1 19. Rcxd1 Bxb2 20. Nxb2 Rxc5 21. Nc4 Ba6 22. Ne3 Rfc8 23. h4 h6 24. Bf3 Nc6 25. Be2 Bxe2 26. Rxe2 b5 27. f4 a5 28. Red2 Rc7 29. Kf2 Nb4 30. a3 Na6 31. Rd6 R5c6 32. e5 Nc5 33. Rxc6 Rxc6 34. b4 axb4 35. axb4 Na6 36. Rd8+ Kh7 37. Rd4 Rc3 38. f5 exf5 39. Nxf5 Rb3 40. Nd6 Rxb4 41. Rxb4 Nxb4 42. Nxb5 Nd3+ 43. Ke3 Nxe5 44. Nd6 Kg6 45. Kf4 Nd7 46. h5+ Kf6 47. Ne8+ Ke7 48. Nxg7 Nf6 49. g4 Kd7 50. Nf5 Ng8 51. Ke5 Ke8 52. Nd6+ Ke7 53. Ne4 Kd7 54. Nf6+ Nxf6 55. Kxf6 Ke8 56. Kg7 Ke7 57. Kxh6 Kf8 58. Kh7 f5 59. g5 f4 60. g6 f3 61. g7+ Ke7 62. g8=Q f2 63. Qg2 1-0

[Event "Hold-DM i hurtigskak 2026"]
[Site "Middelfart"]
[Date "2026.05.24"]
[Round "1.1"]
[White "Nielsen, Viktor Haarmark"]
[Black "Jorgensen, Brian Jorgen"]
[Result "1-0"]
[WhiteElo "2351"]
[BlackElo "2191"]
[EventDate "2026.05.24"]
[EventType "team-tourn"]
[EventRounds "6"]
[EventCountry "DEN"]
[SourceTitle "Live v. Kasper Jerwiarz"]
[WhiteTeam "OBRO"]
[BlackTeam "The Obroes"]

1. d4 Nf6 2. c4 e6 3. Nf3 d5 4. g3 Be7 5. Bg2 O-O 6. O-O c6 7. Nc3 b6 8. Ne5 Bb7 9. e4 Nbd7 10. Nxc6 Bxc6 11. exd5 exd5 12. cxd5 Bb7 13. d6 Bxg2 14. dxe7 Qxe7 15. Kxg2 Rad8 16. Qf3 Nb8 17. Rd1 Na6 18. Bg5 Nc7 19. Bxf6 gxf6 20. d5 Ne8 21. Rd4 Ng7 22. Rad1 f5 23. d6 Qd7 24. Rd5 a6 25. Ne2 Rc8 26. Nd4 Rc5 27. Rxc5 bxc5 28. Nc6 Kh8 29. Ne5 Qa4 30. b3 Qa5 31. d7 Ne6 32. Qxf5 Kg7 33. d8=Q Nxd8 34. Qg5+ Kh8 35. Qf6+ Kg8 36. Qg5+ Kh8 37. Rxd8 Qxd8 38. Nxf7+ 1-0

[Event "Hold-DM i hurtigskak 2026"]
[Site "Middelfart"]
[Date "2026.05.24"]
[Round "1.2"]
[White "Christensen, Janus"]
[Black "Skonnord, Uno"]
[Result "1-0"]
[WhiteElo "2115"]
[BlackElo "2177"]
[EventDate "2026.05.24"]
[EventType "team-tourn"]
[EventRounds "6"]
[EventCountry "DEN"]
[SourceTitle "Live v. Kasper Jerwiarz"]
[WhiteTeam "The Obroes"]
[BlackTeam "OBRO"]

1. d4 Nf6 2. Bf4 e6 3. e3 d5 4. Nf3 Bd6 5. Bg3 O-O 6. Bd3 c5 7. c3 Nc6 8. Ne5 Qc7 9. f4 Ne4 10. Nd2 cxd4 11. exd4 f5 12. O-O Nxg3 13. hxg3 Bxe5 14. fxe5 Qb6 15. Rf2 Qxb2 16. Nf3 Qxc3 17. Rc1 Qa3 18. g4 Ne7 19. Rc7 Nc6 20. gxf5 Qa5 21. Rxc6 bxc6 22. f6 h6 23. Nh4 Rf7 24. Bg6 Qc7 25. Qd3 Rb8 26. Bh7+ Kh8 27. fxg7+ Kxg7 28. Qg6+ Kf8 29. Qg8+ 1-0

[Event "Hold-DM i hurtigskak 2026"]
[Site "Middelfart"]
[Date "2026.05.24"]
[Round "1.3"]
[White "Knudsen, Joachim Holm"]
[Black "Peitersen, Andreas"]
[Result "1/2-1/2"]
[WhiteElo "1884"]
[BlackElo "1996"]
[EventDate "2026.05.24"]
[EventType "team-tourn"]
[EventRounds "6"]
[EventCountry "DEN"]
[SourceTitle "Live v. Kasper Jerwiarz"]
[WhiteTeam "OBRO"]
[BlackTeam "The Obroes"]

1. Nf3 b6 2. d4 Bb7 3. c4 e6 4. Nc3 Bb4 5. Bd2 Nf6 6. e3 O-O 7. Bd3 d6 8. O-O Nbd7 9. a3 Bxc3 10. Bxc3 Ne4 11. Be1 f5 12. Nd2 Nxd2 13. Qxd2 e5 14. d5 a5 15. Qc2 e4 16. Be2 Ne5 17. Bc3 Qe7 18. Rae1 a4 19. f4 Nd7 20. Bd1 Nc5 21. Be2 Bc8 22. Bd4 Bd7 23. Rf2 Nb3 24. Qc3 h6 25. Bd1 Nxd4 26. Qxd4 Qf6 27. Qxf6 Rxf6 28. Rc2 Rff8 29. Rf1 Ra5 30. Be2 Rc5 31. Rfc1 g5 32. g3 Kg7 33. Rc3 Kf6 34. Kf2 g4 35. Bd1 h5 36. Be2 Rh8 37. h4 gxh3 38. Rh1 h4 39. Rxh3 hxg3+ 40. Rxg3 Rh2+ 41. Rg2 Rxg2+ 42. Kxg2 c6 43. dxc6 Bxc6 44. Bd1 b5 45. cxb5 Rxc3 46. bxc3 Bxb5 47. Kf2 Ke6 48. Ke1 Kd5 49. Kd2 Kc4 50. Bc2 Kc5 51. Bd1 Bd7 52. Bc2 Kb5 53. Bd1 Be6 54. Be2+ Bc4 55. Bh5 Be6 56. Be2+ Bc4 57. Bh5 Bd5 58. Be2+ Bc4 59. Bh5 Be6 60. Be8+ Ka5 61. c4 Bxc4 62. Bd7 Bd3 63. Bxf5 1/2-1/2

[Event "Hold-DM i hurtigskak 2026"]
[Site "Middelfart"]
[Date "2026.05.24"]
[Round "1.4"]
[White "Moustgaard, Vitus"]
[Black "Kokholm, Daniel"]
[Result "1-0"]
[WhiteElo "1659"]
[BlackElo "1949"]
[EventDate "2026.05.24"]
[EventType "team-tourn"]
[EventRounds "6"]
[EventCountry "DEN"]
[SourceTitle "Live v. Kasper Jerwiarz"]
[WhiteTeam "The Obroes"]
[BlackTeam "OBRO"]

1. e4 d6 2. d4 Nf6 3. Nc3 e5 4. Nf3 Nbd7 5. Bc4 Be7 6. O-O h6 7. h3 c6 8. a4 a5 9. dxe5 dxe5 10. Be3 Qc7 11. Nh4 g6 12. Qd2 Ng8 13. Nf3 Bc5 14. Rad1 Bxe3 15. fxe3 Ngf6 16. Nh4 Qd8 17. Qf2 Qe7 18. Rxd7 Bxd7 19. Qxf6 Qxf6 20. Rxf6 Rf8 21. Rf2 Ke7 22. Nf3 f6 23. Nh4 Be8 24. Rd2 Rd8 25. Rxd8 Kxd8 26. Nf3 Ke7 27. Kf2 Bd7 28. Ke1 Rd8 29. Ne2 Be6 30. Bxe6 Kxe6 31. Nc1 b6 32. Nd3 c5 33. Nd2 Kd6 34. Nc4+ Kc6 35. Nf2 h5 36. Nd1 Re8 37. Nc3 f5 38. Ke2 fxe4 39. Nxe4 Re6 40. h4 Kd5 41. Ng5 Rc6 42. b3 Rf6 43. c3 e4 44. Nd2 Rf8 45. Ndxe4 Ke5 46. Nd2 Kf5 47. Nc4 Rf6 48. e4+ Kg4 49. e5 Rf8 50. Nf3 Kg3 51. Ne3 Re8 52. Kd3 Kf4 53. Nd5+ Kf5 54. Nxb6 Rb8 55. Nd5 Rxb3 56. Kc4 Rb2 57. Kxc5 Rxg2 58. Kd6 Rb2 59. Nd4+ Ke4 60. e6 Rb8 61. Nc6 Rg8 62. Nf6+ 1-0

[Event "Hold-DM i hurtigskak 2026"]
[Site "Middelfart"]
[Date "2026.05.24"]
[Round "1.1"]
[White "Nielsen, Leonard de Freitas"]
[Black "Sylvan, Jacob"]
[Result "0-1"]
[WhiteElo "1946"]
[BlackElo "2363"]
[EventDate "2026.05.24"]
[EventType "team-tourn"]
[EventRounds "6"]
[EventCountry "DEN"]
[SourceTitle "Live v. Kasper Jerwiarz"]
[WhiteTeam "Hvidovre"]
[BlackTeam "Nordkalotten"]

1. e4 c5 2. Nf3 e6 3. d4 cxd4 4. Nxd4 a6 5. c4 Nc6 6. Nc3 Bb4 7. Nxc6 bxc6 8. Bd3 e5 9. O-O Nf6 10. Be3 O-O 11. a3 Ba5 12. b4 Bc7 13. Rc1 d6 14. Kh1 Ng4 15. Qf3 Nxe3 16. fxe3 Be6 17. Ne2 Bb6 18. Ng3 g6 19. a4 Qg5 20. Rfe1 h5 21. Nf1 c5 22. a5 Bc7 23. bxc5 dxc5 24. Ra1 Rab8 25. Reb1 Rxb1 26. Rxb1 Bxa5 27. Ra1 Qd8 28. Be2 Kg7 29. Qg3 Bc3 30. Rxa6 h4 31. Qf2 Qg5 32. h3 Rb8 33. Ra3 Bb4 34. Ra1 Rd8 35. Nh2 Bd2 36. Ra3 Bc1 37. Rc3 Bb2 38. Rb3 Bc1 39. Nf3 Qf6 40. Qxh4 Qxh4 41. Nxh4 Rd2 42. Bf3 Bb2 43. Bg4 Bxc4 44. Rb7 Bc3 45. Rc7 Bb4 46. Nf3 Re2 47. Nxe5 Re1+ 48. Kh2 Bb3 49. Nc6 Bc3 50. Nd8 Be5+ 0-1

[Event "Hold-DM i hurtigskak 2026"]
[Site "Middelfart"]
[Date "2026.05.24"]
[Round "1.2"]
[White "Kristensen, Kaare Hove"]
[Black "Dres, Lasse"]
[Result "1-0"]
[WhiteElo "2315"]
[BlackElo "1922"]
[EventDate "2026.05.24"]
[EventType "team-tourn"]
[EventRounds "6"]
[EventCountry "DEN"]
[SourceTitle "Live v. Kasper Jerwiarz"]
[WhiteTeam "Nordkalotten"]
[BlackTeam "Hvidovre"]

1. Nf3 d5 2. d4 Nf6 3. c4 c6 4. cxd5 cxd5 5. Nc3 Nc6 6. Bf4 Qb6 7. Na4 Qa5+ 8. Bd2 Qc7 9. Rc1 e6 10. Ne5 Bd6 11. f4 O-O 12. e3 Ne4 13. Bd3 Qe7 14. O-O f5 15. Nxc6 bxc6 16. a3 Bd7 17. b4 a5 18. Nb6 axb4 19. Nxa8 Rxa8 20. Bxe4 fxe4 21. axb4 Bxb4 22. Rb1 c5 23. Bxb4 cxb4 24. Ra1 Rb8 25. Qb3 Bb5 26. Rfc1 Bc4 27. Rxc4 dxc4 28. Qxc4 b3 29. Rb1 b2 30. f5 Qa7 31. fxe6 Qa1 32. e7+ Kh8 33. Qc2 Re8 34. Qxb2 Qxb2 35. Rxb2 g5 36. Rb7 Kg7 37. Kf2 Kf7 38. Kg3 h5 39. h4 gxh4+ 40. Kxh4 Kg6 41. g4 hxg4 42. Kxg4 Kf6 43. Kf4 1-0

[Event "Hold-DM i hurtigskak 2026"]
[Site "Middelfart"]
[Date "2026.05.24"]
[Round "1.3"]
[White "Jorgensen, Palle Halkier"]
[Black "Hove, Esben Kjems"]
[Result "0-1"]
[WhiteElo "1912"]
[BlackElo "2322"]
[EventDate "2026.05.24"]
[EventType "team-tourn"]
[EventRounds "6"]
[EventCountry "DEN"]
[SourceTitle "Live v. Kasper Jerwiarz"]
[WhiteTeam "Hvidovre"]
[BlackTeam "Nordkalotten"]

1. c4 c6 2. g3 d5 3. b3 Nf6 4. Bg2 dxc4 5. bxc4 Qd4 6. Nc3 Qxc4 7. Nf3 Nbd7 8. O-O g6 9. Bb2 Bg7 10. d3 Qa6 11. Qc2 O-O 12. d4 Nb6 13. Rad1 Nfd5 14. e4 Nxc3 15. Bxc3 Be6 16. Ra1 Rad8 17. Rfd1 Qa4 18. Qc1 Bg4 19. Qd2 e5 20. h3 Bxf3 21. Bxf3 exd4 22. Bb4 Nc4 23. Qe1 Rfe8 24. Rd3 a5 25. Bc5 b6 26. Bd1 Qb5 27. Ba3 Qe5 28. Bf3 f5 29. Bg2 fxe4 30. Rb3 a4 31. Qb4 b5 32. Rbb1 Bf8 0-1

[Event "Hold-DM i hurtigskak 2026"]
[Site "Middelfart"]
[Date "2026.05.24"]
[Round "1.4"]
[White "Nielsen, Lars Aaes"]
[Black "Wolf, August Trap"]
[Result "1-0"]
[WhiteElo "2227"]
[BlackElo "1656"]
[EventDate "2026.05.24"]
[EventType "team-tourn"]
[EventRounds "6"]
[EventCountry "DEN"]
[SourceTitle "Live v. Kasper Jerwiarz"]
[WhiteTeam "Nordkalotten"]
[BlackTeam "Hvidovre"]

1. e4 c5 2. c3 d5 3. exd5 Qxd5 4. d4 Nc6 5. Nf3 e6 6. Na3 Nf6 7. Be3 b6 8. dxc5 Bxc5 9. Nb5 Qxd1+ 10. Rxd1 O-O 11. Bxc5 bxc5 12. Nd6 Rd8 13. Bb5 Bb7 14. Nxb7 Rxd1+ 15. Kxd1 Rb8 16. Bxc6 h6 17. Kc2 Ng4 18. h3 Nf6 19. Rd1 Nd5 20. Bxd5 exd5 21. Nxc5 Rd8 22. Na6 Re8 23. Rxd5 Re2+ 24. Rd2 Re6 25. Nc5 Rg6 26. g4 Rb6 27. Rd8+ Kh7 28. Nd7 Ra6 29. Nfe5 Rxa2 30. Nf8+ Kg8 31. Nfg6+ 1-0

[Event "Hold-DM i hurtigskak 2026"]
[Site "Middelfart"]
[Date "2026.05.24"]
[Round "2.1"]
[White "Sylvan, Jacob"]
[Black "Bogo, Soren"]
[Result "1-0"]
[WhiteElo "2363"]
[BlackElo "2229"]
[EventDate "2026.05.24"]
[EventType "team-tourn"]
[EventRounds "6"]
[EventCountry "DEN"]
[SourceTitle "Live v. Kasper Jerwiarz"]
[WhiteTeam "Nordkalotten"]
[BlackTeam "Fureso"]

1. Nf3 Nf6 2. c4 g6 3. Nc3 Bg7 4. g3 O-O 5. Bg2 d5 6. cxd5 Nxd5 7. h4 h5 8. Qb3 Nb6 9. d3 Nc6 10. Bg5 Bf6 11. Bxf6 exf6 12. O-O Be6 13. Qc2 Qc8 14. Ne4 Kg7 15. Nc5 Rd8 16. Rfc1 Rb8 17. Nxe6+ Qxe6 18. a3 Rd7 19. b4 Ne7 20. a4 c6 21. e4 Rbd8 22. d4 f5 23. a5 fxe4 24. Ng5 Qg4 25. axb6 axb6 26. Bh3 Ng8 27. Bf1 1-0

[Event "Hold-DM i hurtigskak 2026"]
[Site "Middelfart"]
[Date "2026.05.24"]
[Round "2.2"]
[White "Thorsbro, Peter"]
[Black "Kristensen, Kaare Hove"]
[Result "0-1"]
[WhiteElo "2180"]
[BlackElo "2315"]
[EventDate "2026.05.24"]
[EventType "team-tourn"]
[EventRounds "6"]
[EventCountry "DEN"]
[SourceTitle "Live v. Kasper Jerwiarz"]
[WhiteTeam "Fureso"]
[BlackTeam "Nordkalotten"]

1. d4 d5 2. c4 c6 3. g3 Nf6 4. Bg2 dxc4 5. Nf3 b5 6. O-O a6 7. b3 cxb3 8. Qxb3 e6 9. Rd1 Be7 10. Ne5 O-O 11. Nxc6 Nxc6 12. Bxc6 Rb8 13. Bf4 Rb6 14. Bg2 Bb7 15. Nc3 Bxg2 16. Kxg2 Qd7 17. e4 Rc6 18. d5 Rc4 19. f3 Rfc8 20. Rd3 exd5 21. Nxd5 Nxd5 22. exd5 Rc2+ 23. Rd2 R2c3 24. Qd1 Bd6 25. Bxd6 Qxd6 26. Qe2 h6 27. Re1 g6 28. h4 h5 29. Qe7 Qxe7 30. Rxe7 Rc2 31. Ree2 Rxd2 32. Rxd2 Kf8 33. Re2 Rc5 34. Rd2 Ke7 35. g4 Kd6 36. gxh5 gxh5 37. Kg3 Rxd5 38. Re2 b4 39. Re8 Ra5 40. Rb8 Kc5 41. Rh8 Rxa2 42. Rxh5+ Kc4 43. Rf5 b3 44. Rxf7 Ra5 45. Kg4 b2 46. Rc7+ Rc5 47. Rb7 Rb5 48. Rc7+ Kb3 0-1

[Event "Hold-DM i hurtigskak 2026"]
[Site "Middelfart"]
[Date "2026.05.24"]
[Round "2.3"]
[White "Hove, Esben Kjems"]
[Black "Damm, Kasper Wilken"]
[Result "1-0"]
[WhiteElo "2322"]
[BlackElo "2157"]
[EventDate "2026.05.24"]
[EventType "team-tourn"]
[EventRounds "6"]
[EventCountry "DEN"]
[SourceTitle "Live v. Kasper Jerwiarz"]
[WhiteTeam "Nordkalotten"]
[BlackTeam "Fureso"]

1. d4 Nf6 2. Nf3 g6 3. g3 Bg7 4. Bg2 O-O 5. O-O d6 6. c4 Nbd7 7. Nc3 e5 8. b3 Re8 9. Bb2 c6 10. e4 Qc7 11. d5 Nc5 12. Qc2 a5 13. a3 Na6 14. Rad1 c5 15. Ne1 Rf8 16. Nd3 Bd7 17. Rde1 Rae8 18. f4 exf4 19. gxf4 Ng4 20. Nb5 Qb8 21. Bxg7 Kxg7 22. Qc3+ f6 23. Qxa5 Re7 24. Qb6 f5 25. Qxd6 Bxb5 26. Qxb8 Nxb8 27. cxb5 fxe4 28. Nxc5 Rc8 29. Nxe4 Nd7 30. h3 Nh6 31. Nd6 Rxe1 32. Rxe1 1-0

[Event "Hold-DM i hurtigskak 2026"]
[Site "Middelfart"]
[Date "2026.05.24"]
[Round "2.4"]
[White "Jensen, Christian Skov"]
[Black "Nielsen, Lars Aaes"]
[Result "1-0"]
[WhiteElo "1925"]
[BlackElo "2227"]
[EventDate "2026.05.24"]
[EventType "team-tourn"]
[EventRounds "6"]
[EventCountry "DEN"]
[SourceTitle "Live v. Kasper Jerwiarz"]
[WhiteTeam "Fureso"]
[BlackTeam "Nordkalotten"]

1. d4 e6 2. Bf4 b6 3. e3 Bb7 4. Nf3 f5 5. Nbd2 Nf6 6. Bd3 Be7 7. Qe2 Ne4 8. Bxe4 fxe4 9. Ne5 O-O 10. Qg4 Qc8 11. Bh6 Bf6 12. Nxe4 Bxe4 13. Qxe4 d5 14. Qg4 Bxe5 15. dxe5 Rf7 16. O-O Nd7 17. Bf4 Nf8 18. Rac1 Qa6 19. a3 Re8 20. Bg3 c5 21. c4 dxc4 22. Qxc4 Qxc4 23. Rxc4 Rd8 24. b4 cxb4 25. axb4 Rd5 26. Rfc1 Rfd7 27. Kf1 Ng6 28. f4 Ne7 29. Be1 Rd3 30. Ke2 Rb3 31. e4 h5 32. Rc7 Rb2+ 33. R7c2 Rb3 34. Rc3 Rb2+ 35. R1c2 Rb1 36. Rc7 Rd4 37. Ke3 Rxe4+ 38. Kxe4 Rxe1+ 39. Kf3 Nd5 40. Rxa7 Rf1+ 41. Rf2 Rb1 42. Kg3 Rxb4 43. h3 Ne3 44. Kh4 Kh7 45. Kg5 Nf5 46. Kxh5 Ng3+ 1-0

[Event "Hold-DM i hurtigskak 2026"]
[Site "Middelfart"]
[Date "2026.05.24"]
[Round "2.1"]
[White "Lauritsen, Martin Lee"]
[Black "Hagen, Andreas Skytte"]
[Result "1-0"]
[WhiteElo "2135"]
[BlackElo "2341"]
[EventDate "2026.05.24"]
[EventType "team-tourn"]
[EventRounds "6"]
[EventCountry "DEN"]
[SourceTitle "Live v. Kasper Jerwiarz"]
[WhiteTeam "Taastrup Skakforening"]
[BlackTeam "Naestved"]

1. e4 e6 2. d3 c5 3. Nc3 Nc6 4. g3 g6 5. Bg2 Bg7 6. Nge2 Nge7 7. Be3 Nd4 8. Qd2 d6 9. O-O O-O 10. Nd1 e5 11. c3 Nxe2+ 12. Qxe2 Be6 13. f3 b6 14. Nf2 d5 15. Rfd1 d4 16. cxd4 cxd4 17. Bd2 Rc8 18. b3 Qd7 19. Rdc1 Rxc1+ 20. Rxc1 Rc8 21. Qd1 f6 22. Rxc8+ Qxc8 23. Qc1 Qxc1+ 24. Bxc1 Nc6 25. Bd2 Bf8 26. Kf1 Nb4 27. Bxb4 Bxb4 28. Ke2 Kf8 29. Bh3 Bf7 30. Bc8 Ke7 31. f4 exf4 32. gxf4 Bd6 33. Kf3 a5 34. Ba6 a4 35. Bc4 Be8 36. h3 Bc6 37. bxa4 Bxa4 38. Bd5 h5 39. f5 g5 40. Ke2 Bg3 41. Nd1 Bd7 42. Kf3 Be5 43. Nb2 b5 44. Bb3 Be8 45. a4 Kd6 46. axb5 Bxb5 47. Bf7 h4 48. Bc4 Be8 49. Be6 Bh5+ 50. Kf2 Bg3+ 51. Kg2 Ke5 52. Nc4+ Kf4 53. e5 fxe5 54. f6 e4 55. dxe4 Kxe4 56. f7 Bxf7 57. Bxf7 d3 58. Bh5 Kd4 59. Nb2 Kc3 60. Nd1+ Kd2 61. Bg4 Ke1 62. Nb2 Kd2 63. Bf5 Ke3 64. Nxd3 Bd6 65. Ne1 Kf4 66. Bg4 Bb8 67. Kf2 Ba7+ 68. Ke2 Bb6 69. Nd3+ Ke4 70. Nb2 Bd4 71. Nc4 Kd5 72. Kd3 Bc5 73. Bf3+ Ke6 74. Ke4 Kf6 75. Bg4 Bb4 76. Nb6 Ba3 77. Nd7+ Kg7 78. Kf5 Bc1 79. Bd1 Kf7 80. Ne5+ Kg7 81. Ba4 Bd2 82. Nf3 Bc1 83. Be8 Kf8 84. Bh5 Kg7 85. Bg4 Be3 86. Ne5 Bc1 87. Ke6 Bf4 88. Nc6 Bc1 89. Ne7 Ba3 90. Nf5+ Kf8 91. Kf6 Bc1 92. Bh5 Kg8 93. Bf7+ Kh7 94. Ne7 g4 95. hxg4 h3 96. g5 Bxg5+ 97. Kxg5 h2 98. Bd5 h1=Q 99. Bxh1 Kg7 100. Nf5+ Kf7 101. Bd5+ Kf8 102. Kf6 Ke8 103. Ke6 Kf8 104. Bc6 Kg8 105. Kf6 Kf8 106. Ng7 Kg8 107. Ne6 Kh7 108. Nf4 Kg8 109. Ng6 Kh7 110. Bd5 Kh6 111. Bg8 Kh5 112. Ne5 Kh4 113. Kf5 Kg3 114. Ng4 Kf3 115. Bc4 Kg3 116. Bd5 Kh4 117. Kf4 Kh3 118. Ne3 Kh2 119. Be6 Kg1 120. Kg3 Kh1 121. Ng2 Kg1 122. Bc4 Kh1 123. Nf4 Kg1 124. Nh3+ 1-0